|
|
|
|
| LEADER |
00000nam0a2200000 4500 |
| 001 |
300263 |
| 005 |
20231102001302.0 |
| 035 |
|
|
|a (RuTPU)RU\TPU\book\325416
|
| 090 |
|
|
|a 300263
|
| 100 |
|
|
|a 20150708d1982 km y0rusy50 ca
|
| 101 |
0 |
|
|a rus
|
| 102 |
|
|
|a RU
|
| 105 |
|
|
|a a z 000zy
|
| 200 |
1 |
|
|a Отраслевая инструкция по учету труда и заработной платы для промышленных предприятий и строительных организаций тяжелого и транспортного машиностроения
|f Научно-исследовательский институт экономики и планирования тяжелого и транспортного машиностроения ; сост. А. И. Васильков
|
| 210 |
|
|
|a Свердловск
|c [Б. и.]
|d 1982
|
| 215 |
|
|
|a 168 с.
|c ил.
|
| 606 |
1 |
|
|a Заработная плата
|x Расчеты
|2 stltpush
|3 (RuTPU)RU\TPU\subj\11356
|
| 610 |
1 |
|
|a труд
|
| 610 |
1 |
|
|a оплата труда
|
| 610 |
1 |
|
|a промышленные предприятия
|
| 610 |
1 |
|
|a строительные организации
|
| 610 |
1 |
|
|a учет
|
| 610 |
1 |
|
|a личный состав
|
| 610 |
1 |
|
|a рабочее время
|
| 610 |
1 |
|
|a премирование
|
| 610 |
1 |
|
|a удержание
|
| 610 |
1 |
|
|a механизация
|
| 610 |
1 |
|
|a инструкции
|
| 675 |
|
|
|a 657.47
|v 4
|
| 702 |
|
1 |
|a Васильков
|b А. И.
|4 220
|
| 712 |
0 |
2 |
|a Научно-исследовательский институт экономики и планирования тяжелого и транспортного машиностроения
|c (Свердловск)
|c (1976-1992)
|2 stltpush
|3 (RuTPU)RU\TPU\col\21992
|9 28165
|
| 801 |
|
1 |
|a RU
|b 63413507
|c 20150708
|
| 801 |
|
2 |
|a RU
|b 63413507
|c 20190415
|g RCR
|
| 942 |
|
|
|c BK
|